[Event "Wch U16"]
[Site "Guarapuava"]
[Date "1995.??.??"]
[Round "10"]
[White "Kasimdzhanov, Rustam"]
[Black "Naumann, Alexander"]
[Result "1-0"]
[WhiteElo "2435"]
[BlackElo "2360"]

1.Nf3 d5 2.c4 e6 3.d4 c6 4.Nc3 Nf6 5.g3 Nbd7 6.Bg2 Be7 7.O-O O-O 8.b3 b6
9.Nd2 Bb7 10.e4 c5 11.exd5 cxd4 12.Ne2 exd5 13.Nxd4 Nc5 14.Nf5 Qd7 15.Nxe7+ Qxe7
16.Ba3 d4 17.Re1 Qd7 18.Bxb7 Qxb7 19.Qf3 Qd7 20.Re5 Rac8 21.Rae1 Rfe8 22.Bb2 Rxe5
23.Rxe5 Qd6 24.Re2 Rd8 25.Qf5 Ne6 26.Nf3 Qc5 27.Qd3 Qh5 28.b4 Qg4 29.Kf1 Qh3+
30.Ke1 Ng4 31.Kd2 Nxh2 32.Ne5 Ng4 33.Nxf7 Re8 34.Qf5 Nc7 35.Rxe8+ Nxe8 36.Ng5 Qh5
37.Qd5+  1-0

[Event "Wch U20"]
[Site "Halle"]
[Date "1995.??.??"]
[Round "7"]
[White "Spangenberg, Hugo"]
[Black "Slobodjan, Roman"]
[Result "1/2-1/2"]
[WhiteElo "2490"]
[BlackElo "2500"]

1.Nf3 d5 2.c4 c6 3.d4 e6 4.Nbd2 Nf6 5.e3 c5 6.a3 Nc6 7.dxc5 dxc4 8.Bxc4 Bxc5
9.b4 Bb6 10.Bb2 O-O 11.O-O Qe7 12.Qc2 a6 13.Bd3 h6 14.Ne4 Nxe4 15.Bxe4 Bd7
16.Qc3 f5 17.Bxc6 Bxc6 18.Ne5 Rfc8 19.Rfc1 Kh7 20.Nxc6 Rxc6 21.Qb3 Rac8 22.Rxc6 Rxc6
23.Rd1 Rd6  1/2-1/2

[Event "Harkany op "]
[Site "Harkany"]
[Date "1995.??.??"]
[Round "?"]
[White "Fancsy, Imre"]
[Black "Kincs, Imre"]
[Result "1-0"]
[WhiteElo "2375"]
[BlackElo "2215"]

1.Nf3 d5 2.c4 e6 3.g3 Nf6 4.Bg2 c5 5.cxd5 exd5 6.d4 Nc6 7.O-O c4 8.b3 cxb3
9.Qxb3 h6 10.Nc3 Na5 11.Qb5+ Bd7 12.Qd3 Be6 13.Ne5 a6 14.f4 g6 15.g4 Nxg4
16.Nxg4 Bxg4 17.Nxd5 Bd6 18.e4 Nc6 19.e5 Bf5 20.Qb3 Na5 21.Qg3 Be7 22.Nxe7 Qxe7
23.Ba3 Qd7 24.Qc3 Qb5 25.Qc7 Bd7 26.Rab1 Qa4 27.Qd6 O-O-O 28.Bxb7+ Nxb7 29.Rfc1+  1-0

[Event "Harkany op "]
[Site "Harkany"]
[Date "1995.??.??"]
[Round "?"]
[White "Fancsy, Imre"]
[Black "Landup, Branislav"]
[Result "1-0"]
[WhiteElo "2375"]
[BlackElo "2020"]

1.Nf3 d5 2.c4 e6 3.g3 Nf6 4.Bg2 Be7 5.O-O O-O 6.d4 b6 7.Ne5 Bb7 8.Nc3 Nbd7
9.cxd5 exd5 10.Qa4 Nxe5 11.dxe5 Nd7 12.Nxd5 Nc5 13.Qc4 c6 14.Nxe7+ Qxe7 15.f4 Na6
16.Bd2 c5 17.Bxb7 Qxb7 18.f5 Rad8 19.Rad1 Rd4 20.Qc2 Qe4 21.Qxe4 Rxe4 22.Bf4 Rxe2
23.Rf2 Rxf2 24.Kxf2 Nb4 25.a3 Nc6 26.Rd7 Rc8 27.Kf3 Kf8 28.Ke4 a6 29.Rb7 b5
30.Rb6 b4 31.Rxa6 bxa3 32.bxa3 c4 33.Bd2 f6 34.exf6 gxf6 35.Bc3 Kf7 36.Rb6 Rc7
37.a4 Ne5 38.Rxf6+  1-0

[Event "Harkany op "]
[Site "Harkany"]
[Date "1995.??.??"]
[Round "?"]
[White "Dobrovolsky, Ladislav"]
[Black "Varga, Peter"]
[Result "1/2-1/2"]
[WhiteElo "2390"]
[BlackElo "2415"]

1.Nf3 d5 2.c4 c6 3.b3 Bg4 4.e3 Nd7 5.Bb2 Ngf6 6.Be2 e6 7.O-O Bd6 8.d3 O-O
9.Nd4 Bxe2 10.Qxe2 Re8 11.Nd2 Bf8 12.Kh1 a5 13.cxd5 exd5 14.a3 Qb6 15.Rab1  1/2-1/2

[Event "HUN-chT1"]
[Site "HUN"]
[Date "1995.??.??"]
[Round "?"]
[White "Szekely, Peter"]
[Black "Skomorokhin, Vadim"]
[Result "1/2-1/2"]
[WhiteElo "2455"]
[BlackElo "2365"]

1.Nf3 d5 2.c4 e6 3.b3 a5 4.g3 a4 5.Bb2 c6 6.Bg2 Nf6 7.O-O b5 8.cxb5 cxb5
9.a3 Nc6 10.d3 Be7 11.Nc3 Qa5 12.e4 O-O 13.exd5 exd5 14.Re1 Rd8 15.Ne2  1/2-1/2

[Event "HUN-chT1"]
[Site "HUN"]
[Date "1995.??.??"]
[Round "?"]
[White "Szilagyi, Peter"]
[Black "Tornai, Imre"]
[Result "1-0"]
[WhiteElo "2400"]
[BlackElo "2250"]

1.Nf3 d5 2.c4 c6 3.b3 Bg4 4.Bb2 e6 5.g3 Bxf3 6.exf3 d4 7.f4 g6 8.h4 h5 9.Qf3 Bg7
10.Na3 a5 11.Rc1 Na6 12.c5 Ne7 13.Nc4 Nf5 14.Ba3 Nb4 15.Bd3 Nxa2 16.Ra1 Nb4
17.Bxf5 exf5 18.Nd6+ Kf8 19.O-O Nc2 20.Ra2 Nxa3 21.Rxa3 Qc7 22.b4 Bf6 23.Qb3 b6
24.bxa5 bxc5 25.Nc4 Kg7 26.Qb6 Qxb6 27.axb6 Rxa3 28.Nxa3 Rb8 29.Nc4 Bd8 30.Rb1 Rb7
31.Re1 Kf8 32.Nd6 Re7 33.Rb1 Bxb6 34.Rxb6 Re1+ 35.Kg2 Rd1 36.Nc4 Rc1 37.d3  1-0

[Event "HUN-chT1"]
[Site "HUN"]
[Date "1995.??.??"]
[Round "?"]
[White "Vadasz, Laszlo"]
[Black "Karolyi, Tibor Jr"]
[Result "1/2-1/2"]
[WhiteElo "2365"]
[BlackElo "2385"]

1.Nf3 d5 2.c4 dxc4 3.e3 e6 4.Bxc4 c5 5.O-O Nf6 6.Nc3 a6 7.a4 Nc6 8.d4 Be7
9.Qe2 O-O 10.Rd1 cxd4 11.exd4 Nb4 12.Bg5 Bd7 13.Ne5 Bc6 14.Nxc6 bxc6 15.Rac1 a5  1/2-1/2

[Event "HUN-chT1"]
[Site "HUN"]
[Date "1995.??.??"]
[Round "?"]
[White "Bernei, Andras"]
[Black "Peredy, Ferenc"]
[Result "1-0"]
[WhiteElo "2325"]
[BlackElo "2230"]

1.Nf3 d5 2.c4 e6 3.d4 Nf6 4.e3 Be7 5.Nbd2 O-O 6.b3 c5 7.Bb2 Nc6 8.Bd3 b6
9.O-O Bb7 10.Rc1 Rc8 11.Qe2 dxc4 12.bxc4 Rc7 13.Rfd1 Nb4 14.Bb1 cxd4 15.exd4 Qa8
16.a3 Na6 17.Ng5 Rfc8 18.Nde4 Nxe4 19.Nxe4 Bxe4 20.Bxe4 Qb8 21.d5 exd5 22.Bxd5 Bf8
23.Be5 Re7 24.Bxf7+ Kh8 25.f4 Qb7 26.Bd5 Qd7 27.Qh5 Qe8 28.Qf5 Nc5 29.Rc3 Nd7
30.Rh3 Nf6 31.Be4 Qa4 32.Bc2 Qc6 33.Bxf6 gxf6 34.Rxh7+ Kg8 35.Rxe7 Bxe7 36.Qg6+ Kf8
37.Qh6+ Kg8 38.Bh7+  1-0

[Event "HUN-chT2 9495"]
[Site "HUN"]
[Date "1995.??.??"]
[Round "?"]
[White "Deak, Sandor"]
[Black "Istvandi, Lajos"]
[Result "1-0"]
[WhiteElo "2325"]
[BlackElo "2335"]

1.Nf3 d5 2.c4 c6 3.d4 Nf6 4.Nc3 dxc4 5.a4 Bf5 6.Ne5 e6 7.f3 Bb4 8.e4 Bxe4
9.fxe4 Nxe4 10.Bd2 Qxd4 11.Nxe4 Qxe4+ 12.Qe2 Bxd2+ 13.Kxd2 Qxe2+ 14.Bxe2 Na6
15.Bxc4 Nc7 16.a5 f6 17.Nd3 Ke7 18.Nc5 b5 19.Bb3 e5 20.Ke2 Rhd8 21.Rac1 Rd4
22.Nd3 Kd6 23.Rc2 Na6 24.Rhc1 Rc8 25.Be6 Rc7 26.Bg8 h6 27.Nc5 Nxc5 28.Rxc5 Ra4
29.Bd5 Rxa5 30.Rxc6+ Rxc6 31.Bxc6 Ra2 32.Rc2 b4 33.Be4 a5 34.Kd3 a4 35.Rc6+ Kd7
36.Ra6 Rxb2 37.Rxa4 g6 38.Ra7+ Ke6 39.Rg7 g5 40.h3 h5 41.Rh7 f5 42.Rh6+ Ke7
43.Bxf5 Rxg2 44.Rxh5 b3 45.Rh6 b2 46.Rb6 Kd8 47.Rb7 Ke8 48.Ke4 Re2+ 49.Kd5 e4
50.Bxe4 Re3 51.Bf5 Re2 52.Bg4 Re7 53.Rxb2 Kf7 54.Rb6 Kg7 55.Bf5 Ra7 56.Rg6+ Kf7
57.Rxg5 Kf6 58.Rh5 Ra5+ 59.Ke4 Ra4+ 60.Kf3 Rb4 61.Be4 Rb2 62.h4 Rd2 63.Rh6+ Ke5
64.Rh5+ Kf6 65.Rb5 Rd1 66.Kf4 Rf1+ 67.Bf3 Re1 68.Rb6+ Re6 69.Rb7 Ra6 70.h5 Re6
71.Bd5 Re7 72.Rxe7  1-0

[Event "HUN-chT2 9495"]
[Site "HUN"]
[Date "1995.??.??"]
[Round "?"]
[White "Fancsy, Imre"]
[Black "Krizsany, Laszlo"]
[Result "1/2-1/2"]
[WhiteElo "2365"]
[BlackElo "2440"]

1.Nf3 d5 2.c4 e6 3.g3 Nf6 4.Bg2 Be7 5.O-O O-O 6.d4 c6 7.Qc2 Nbd7 8.b3 b6
9.Rd1 Bb7 10.Nc3 Rc8 11.e4 dxe4 12.Nxe4 Nxe4 13.Qxe4 Qc7 14.Bf4 Bd6 15.Bxd6 Qxd6
16.c5 Qe7 17.b4 Nf6 18.Qc2 Nd5 19.a3 a5 20.Rab1 axb4 21.axb4 Ba6 22.Ne5 bxc5
23.bxc5 Bb5 24.Bxd5 exd5 25.Re1 Rfe8 26.Qf5 Qe6 27.Qf4  1/2-1/2

[Event "HUN-chT1 9596"]
[Site "HUN"]
[Date "1995.??.??"]
[Round "3"]
[White "Bernei, Andras"]
[Black "Kovacs, Elod"]
[Result "0-1"]
[WhiteElo "2325"]
[BlackElo "2245"]

1.Nf3 d5 2.c4 e6 3.d4 Nf6 4.Nc3 Be7 5.Bg5 O-O 6.cxd5 exd5 7.e3 c6 8.Qc2 Nbd7
9.Bd3 Re8 10.O-O Nf8 11.h3 Ng6 12.Rfe1 Ne4 13.Bxe7 Qxe7 14.Bxe4 dxe4 15.Nd2 f5
16.f3 Nh4 17.fxe4 Qg5 18.Re2 fxe4 19.Ndxe4 Qg6 20.Kh2 Bf5 21.Qb3+ Kh8 22.Ng3 Bd3
23.Ree1 Rf8 24.Nd1 Rf3 25.gxf3 Nxf3+ 26.Kg2 Nxe1+ 27.Kf2 Nc2  0-1

[Event "Kiekrz op"]
[Site "Kiekrz"]
[Date "1995.??.??"]
[Round "5"]
[White "Van der Werf, Mark"]
[Black "Lacrosse, Marc"]
[Result "1/2-1/2"]
[WhiteElo "2415"]
[BlackElo "2275"]

1.Nf3 d5 2.c4 e6 3.d4 Nf6 4.Nc3 c6 5.Bg5 Nbd7 6.e3 Qa5 7.Nd2 Bb4 8.Qc2 O-O
9.Be2 dxc4 10.Bxf6 Nxf6 11.Nxc4 Qc7 12.a3 Be7 13.b4 b6 14.Bf3 Bb7 15.O-O Rac8
16.Rab1 Ba8 17.e4 Rfd8 18.Rbd1 c5 19.bxc5 bxc5 20.d5 exd5 21.exd5 Ne8 22.Rfe1 Nd6
23.Ne5 Bf6 24.Nc6 Re8 25.Rf1 Bxc6 26.dxc6 Bd4 27.Rb1 Qa5 28.Ne4 Nxe4 29.Bxe4 g6
30.Bd5 Rc7 31.a4 Kg7 32.Rb5 Qe1 33.Rb7 Qe5 34.Rxc7 Qxc7 35.g3 Re5  1/2-1/2

[Event "Platonov mem"]
[Site "Kiev"]
[Date "1995.??.??"]
[Round "4"]
[White "Kruppa, Yuri"]
[Black "Timoshenko, Georgy"]
[Result "1/2-1/2"]
[WhiteElo "2570"]
[BlackElo "2550"]

1.Nf3 d5 2.c4 c6 3.b3 Bf5 4.Bb2 e6 5.e3 Nd7 6.Be2 h6 7.O-O Ngf6 8.Nc3 Be7
9.d4 O-O 10.Rc1 Rc8 11.h3 Re8 12.Bd3 Bxd3 13.Qxd3 Bf8 14.Rfd1 Qa5 15.a3 dxc4
16.bxc4  1/2-1/2

[Event "Platonov mem"]
[Site "Kiev"]
[Date "1995.??.??"]
[Round "7"]
[White "Nikolaevsky, Yuri V"]
[Black "Koutsin, Sergey"]
[Result "1-0"]
[WhiteElo "2405"]
[BlackElo "2455"]

1.Nf3 d5 2.c4 c6 3.b3 Nf6 4.Bb2 g6 5.g3 Bg7 6.Bg2 O-O 7.O-O Re8 8.d3 Bg4
9.Nbd2 Nbd7 10.Qc2 e5 11.e4 dxe4 12.dxe4 Qb6 13.Nh4 Nc5 14.h3 Be2 15.Rfe1 Bd3
16.Qc3 Rad8 17.Re3 Bh6 18.Rae1 Bxe3 19.Rxe3 a5 20.Ba3 Nfd7 21.Nhf3 Re6 22.Ne1 Rd6
23.Ndf3 Bxe4 24.Nxe5 Bxg2 25.Nxd7 R6xd7 26.Bb2 Rd4 27.Nc2 Ne6 28.Nxd4 Qxd4
29.Qxd4 Nxd4 30.Kxg2 Ne6 31.Bc3 a4 32.Kf3 axb3 33.axb3 Nd4+ 34.Kg2 Ne6 35.Bf6 Rd7
36.g4  1-0

[Event "Platonov mem"]
[Site "Kiev"]
[Date "1995.??.??"]
[Round "9"]
[White "Nikolaevsky, Yuri V"]
[Black "Savchenko, Stanislav"]
[Result "1/2-1/2"]
[WhiteElo "2405"]
[BlackElo "2590"]

1.Nf3 d5 2.c4 d4 3.b4 f6 4.e3 e5 5.c5 a5 6.Bb5+ c6 7.Bc4 Bg4 8.exd4 e4 9.Qe2 Qe7
10.h3 exf3 11.Qxe7+ Nxe7 12.hxg4 fxg2 13.Rg1 h5 14.bxa5 hxg4 15.Rxg2 Rh1+
16.Bf1 f5 17.d3 Ng6 18.f3 Nh4 19.Re2+ Kf7 20.fxg4 fxg4 21.Rf2+ Nf3+ 22.Ke2 Kg8
23.Be3 Nd7 24.Nd2 Nxd2 25.Kxd2 Rxa5 26.a4 Nf6 27.Rg2 Be7 28.Kc2 Nd5 29.Bd2 Ra8
30.Kb2 Bf6 31.Rxg4 Rh2 32.Kc1 Rf8 33.Bg2 Bxd4 34.Bxd5+ cxd5 35.Rxd4 Rf1+
36.Kb2 Rxd2+ 37.Kc3 Rxd3+  1/2-1/2

[Event "Klatovy op"]
[Site "Klatovy"]
[Date "1995.??.??"]
[Round "7"]
[White "Zabystrzan, Pavel"]
[Black "Svoboda, Milos"]
[Result "1-0"]
[WhiteElo "2285"]
[BlackElo "2250"]

1.Nf3 d5 2.c4 c6 3.cxd5 cxd5 4.d4 g6 5.Nc3 Nf6 6.Bf4 Bg7 7.e3 O-O 8.Be2 Nc6
9.Ne5 Be6 10.O-O Nxe5 11.Bxe5 Nd7 12.Bg3 a6 13.Qb3 b6 14.Rfc1 Nf6 15.Na4 b5
16.Nc5 Ne4 17.a4 bxa4 18.Rxa4 a5 19.Nxe6 fxe6 20.Bg4 Ra6 21.Qb7 Rb6 22.Qc7 Nxg3
23.hxg3 h5 24.Qxd8 Rxd8 25.Bf3 Rxb2 26.Rxa5 Rdb8 27.g4 hxg4 28.Bxg4 R8b6
29.Rac5 Rb1 30.Bxe6+ Kh7 31.Bxd5 e5 32.dxe5 Bxe5 33.Be4 Rxc1+ 34.Rxc1 Ra6
35.f4 Bf6 36.Kf2 Kh6 37.Kf3 Ra3 38.Rc6 Kg7 39.Rc7+ Kh6 40.g4 Bg7 41.Rc6  1-0

[Event "Konik op"]
[Site "?"]
[Date "1995.??.??"]
[Round "?"]
[White "Dobrovolsky, Ladislav"]
[Black "Lanca, I."]
[Result "1-0"]
[WhiteElo "2365"]
[BlackElo "2095"]

1.Nf3 d5 2.c4 dxc4 3.Na3 Nf6 4.Nxc4 e6 5.g3 Bd6 6.Bg2 O-O 7.O-O Nc6 8.b3 Rb8
9.Bb2 b5 10.Nce5 Bb7 11.Nxc6 Bxc6 12.Qc2 Ba8 13.Rac1 c5 14.Ng5 g6 15.Bxa8 Rxa8
16.Bxf6 Qxf6 17.Ne4 Qd8 18.Qd3 Be7 19.Qxb5 f5 20.Nxc5 Bxc5 21.Rxc5 Qxd2 22.Rc7 Qd4
23.e3 Qf6 24.Rd1 Rfd8 25.Rdd7 f4 26.exf4 Qb2 27.Qe5 Rxd7 28.Qxe6+ Kf8 29.Rxd7  1-0

[Event "Kosice op"]
[Site "Kosice"]
[Date "1995.??.??"]
[Round "?"]
[White "Pejko, Otomar"]
[Black "Kotan, Ladislav"]
[Result "1/2-1/2"]
[WhiteElo "2220"]
[BlackElo "2380"]

1.Nf3 d5 2.c4 c6 3.g3 Nf6 4.Bg2 Bg4 5.Ne5 Bh5 6.cxd5 Nxd5 7.g4 Bg6 8.h4 Nd7
9.Nxg6 hxg6 10.d4 e5 11.g5 Qa5+ 12.Kf1 O-O-O 13.Nd2 f5 14.Nc4 Qb5 15.Qb3 e4
16.Qxb5 cxb5 17.Ne3 Nf4 18.Nc2 Nxg2 19.Kxg2 Nb6 20.Bf4 Bd6 21.Bxd6 Rxd6 22.Kg3 Nd5
23.Rhc1 Kd7 24.Ne1 Ne7 25.Ng2 Nd5 26.e3 Rc6 27.Rxc6 bxc6 28.Rc1 a5 29.a3 Kd6
30.Rc5 a4 31.Rc1 Rh7 32.Rc5 Rh8 33.Rc1 Kc7 34.Rh1 Kd6 35.Rc1 Kd7 36.Rh1 Kc7
37.Nf4 Nxf4 38.Kxf4 Kd6 39.Kg3 c5 40.dxc5+ Kxc5 41.Rd1 b4 42.Rd4 Rb8 43.Rd7 Kc4
44.Rxg7 Kb3 45.Rxg6 Kxb2 46.axb4 Ra8 47.Rd6 Kc2 48.Rc6+ Kb1 49.Rd6 Kc2 50.Rc6+  1/2-1/2

[Event "Kosice op"]
[Site "Kosice"]
[Date "1995.??.??"]
[Round "?"]
[White "Pejko, Otomar"]
[Black "Cvicela, Anton"]
[Result "1-0"]
[WhiteElo "2210"]
[BlackElo "2065"]

1.Nf3 d5 2.c4 d4 3.e3 c5 4.b4 f6 5.exd4 cxd4 6.Bd3 e5 7.O-O g6 8.Re1 Bxb4
9.Ba3 a5 10.h4 Ne7 11.Qa4+ Bd7 12.Qc2 Nbc6 13.h5 Kf7 14.Bb2 Bc5 15.a3 a4
16.Be4 Bg4 17.Nh2 Be6 18.Nf3 Qd7 19.d3 Rhg8 20.Nbd2 gxh5 21.Nf1 Nf5 22.Qd1 Kf8
23.N3d2 Qf7 24.Kh2 Nd6 25.Bxc6 bxc6 26.Qf3 Rc8 27.Ne4 Nxe4 28.Qxe4 Rg4 29.Qe2 Qg6
30.f3 Rh4+ 31.Kg1 Bxc4 32.Qf2 Rf4 33.dxc4 Rb8 34.Bc1 Bb6 35.Bxf4 exf4  1-0

[Event "Krasnodar"]
[Site "Krasnodar"]
[Date "1995.??.??"]
[Round "6"]
[White "Tregubov, Pavel V"]
[Black "Maiorov, Oleg"]
[Result "0-1"]
[WhiteElo "2515"]
[BlackElo "2335"]

1.Nf3 d5 2.c4 c6 3.e3 Nf6 4.Nc3 a6 5.b3 Bg4 6.h3 Bh5 7.g4 Bg6 8.Ne5 d4 9.exd4 Qxd4
10.Nxg6 hxg6 11.Bg2 e6 12.Qe2 Nbd7 13.Qe3 Bc5 14.Qxd4 Bxd4 15.Rb1 Nc5 16.Ke2 e5
17.Nd1 e4 18.Nc3 O-O-O 19.g5 Nh5 20.Nxe4 Nf4+ 21.Kf1 Nxe4 22.Bxe4 Nxh3 23.Bg2 Nxf2
24.Rxh8 Rxh8 25.b4 Nd3 26.Ba3 Rh2 27.Rb3 Nf4 28.Rg3 Nxg2 29.Rxg2 Rh3 30.Rg4 Rxa3
31.Rxd4 Rxa2 32.Ke2 Ra4 33.Rf4 Rxb4 34.Kd3 Rb3+ 35.Ke4 Rg3 36.Rxf7 Rg4+ 37.Ke5 Rxg5+
38.Kd6 Kb8 39.d4 a5 40.d5 cxd5 41.cxd5 Rg1 42.Kc5 a4 43.d6 Rc1+ 44.Kb4 Rd1
45.d7 Kc7 46.Rxg7 b5 47.Kxb5 a3 48.d8=Q+ Kxd8 49.Ra7 Rd3 50.Kc4 Rf3 51.Kd5 g5
52.Kd6 Rd3+ 53.Ke5 g4  0-1

[Event "Krasnodar"]
[Site "Krasnodar"]
[Date "1995.??.??"]
[Round "8"]
[White "Tregubov, Pavel V"]
[Black "Daniliuk, Sergey"]
[Result "1/2-1/2"]
[WhiteElo "2515"]
[BlackElo "2445"]

1.Nf3 d5 2.c4 c6 3.d4 Nf6 4.Nc3 g6 5.e3 Bg7 6.Be2 O-O 7.O-O Bf5 8.cxd5 Nxd5
9.Qb3 Nxc3 10.bxc3 Qb6 11.Nd2 Nd7 12.e4 Qxb3 13.axb3 Be6 14.Ba3 Rfe8 15.Rab1 a5
16.Nf3 a4 17.bxa4 Rxa4 18.Bc1 Bc4 19.Bxc4 Rxc4 20.Rxb7 Nf6 21.Ne5 Rxc3 22.f3 c5
23.Bb2 Rc2 24.Rf2 Rxf2 25.Kxf2 cxd4 26.Bxd4 Nh5 27.g3 Bf6 28.Ke3 Ra8 29.Nc4 Bxd4+
30.Kxd4 Rd8+ 31.Ke3 Kf8 32.Nb6 Nf6 33.g4 h6 34.h4 Ke8 35.g5 hxg5 36.hxg5 Nd7
37.Nxd7 Rxd7 38.Rb8+ Rd8 39.Rxd8+ Kxd8 40.Kd4 Kd7 41.Kd5 e6+ 42.Kc5 Kc7 43.f4  1/2-1/2

[Event "Kuopio op1"]
[Site "Kuopio"]
[Date "1995.??.??"]
[Round "?"]
[White "Kveinys, Aloyzas"]
[Black "Tella, Jussi"]
[Result "0-1"]
[WhiteElo "2525"]
[BlackElo "2240"]

1.Nf3 d5 2.c4 c6 3.b3 Bf5 4.Bb2 e6 5.g3 Nd7 6.Bg2 Ngf6 7.O-O Be7 8.d3 h6
9.Nbd2 O-O 10.Rc1 Re8 11.Rc2 Qa5 12.Qc1 Bf8 13.a3 e5 14.cxd5 cxd5 15.Qa1 e4
16.dxe4 Nxe4 17.Nd4 Bg6 18.N2f3 Ng5 19.b4 Qb6 20.Rd2 Nxf3+ 21.Bxf3 Be4 22.Bxe4 Rxe4
23.Qa2 Nf6 24.Nf3 a5 25.Bxf6 Qxf6 26.Qxd5 Qe7 27.Rb1 axb4 28.axb4 Rxb4 29.Rxb4 Qxb4
30.Ne5 Qe7 31.Kg2 Re8 32.f4 b6 33.Kf3 Qf6 34.Ra2 Bc5 35.Ra8 Qe7 36.Rxe8+ Qxe8
37.e4 Be7 38.Nd7 Qd8 39.e5 Qc7 40.e6 f6 41.Qa8+ Kh7 42.Qe4+ g6 43.f5 Kg7
44.h4 b5 45.Qd3 b4 46.Ke2 Qb7 47.Qb3 Qe4+ 48.Kd1 Qxf5 49.Kc1 Qf1+ 50.Kc2 Qe2+
51.Kb1 g5 52.Nb8 Qb5 53.Nd7 Qf1+ 54.Kb2 Qe2+ 55.Kb1 Qe4+ 56.Ka2 gxh4 57.gxh4 Qxh4
58.Qd5 Qg3 59.Kb1 Qg5 60.Qc6 Qd2 61.Qc4 h5 62.Qb3 h4 63.Qc4 Qd1+ 64.Kb2 h3
65.Qe4 b3  0-1

[Event "Clarin op"]
[Site "La Carlota"]
[Date "1995.??.??"]
[Round "1"]
[White "Spangenberg, Hugo"]
[Black "Pereyra Arcija, Diego"]
[Result "1/2-1/2"]
[WhiteElo "2490"]
[BlackElo "2290"]

1.Nf3 d5 2.c4 c6 3.b3 Nf6 4.Bb2 Bg4 5.Ne5 Bf5 6.cxd5 cxd5 7.e3 Nbd7 8.g4 Nxe5
9.gxf5 Nc6 10.Qf3 e5 11.fxe6 fxe6 12.Rg1 a6 13.Bh3 e5 14.Be6 Nb4 15.Ke2 Qb6
16.Qf5 Ke7 17.Bc8 Kd8 18.Rc1 Qb5+ 19.d3 Qxd3+ 20.Qxd3 Nxd3 21.Kxd3 e4+ 22.Kd4 Rxc8
23.Rxc8+ Kxc8 24.Nc3 Bb4 25.Rg1 g6 26.Ke5 Rf8 27.Ke6 Bxc3 28.Bxc3 Nd7 29.Rc1 Kd8
30.Rd1 Nc5+ 31.Kxd5 Rf5+ 32.Kc4+ Nd3 33.f4 Kc7 34.Rg1 Kd6 35.Bg7 Rd5 36.Rg3 Rh5
37.Rg2 Rd5 38.a4 Ne1 39.Bf8+ Kc6 40.Re2 Nf3 41.Rc2 Rd3 42.Kb4+ Kd7 43.Bc5 Nd2
44.Bb6 Rxb3+ 45.Ka5  1/2-1/2

[Event "Clarin op"]
[Site "La Carlota"]
[Date "1995.??.??"]
[Round "4"]
[White "Tempone, Marcelo"]
[Black "Bronstein, Luis"]
[Result "1/2-1/2"]
[WhiteElo "2435"]
[BlackElo "2415"]

1.Nf3 d5 2.c4 e6 3.d4 Nf6 4.Nc3 Be7 5.Bg5 h6 6.Bh4 O-O 7.e3 b6 8.Rc1 Bb7
9.Bd3 dxc4 10.Bxc4 Nbd7 11.O-O c5 12.Qe2 a6 13.Rfd1 b5 14.Bb3 c4 15.Bc2 Nd5
16.Bg3 Nxc3 17.bxc3 Ba3 18.Rb1 Qa5 19.Nd2 Rac8 20.Be4 Bd5 21.Bc2 Qxc3 22.Nf1  1/2-1/2

[Event "La Coruna TH op"]
[Site "La Coruna"]
[Date "1995.??.??"]
[Round "5"]
[White "Kurajica, Bojan"]
[Black "Cruz Lopez Claret, Carlos"]
[Result "1-0"]
[WhiteElo "2595"]
[BlackElo "2315"]

1.Nf3 d5 2.c4 c6 3.Qc2 Nf6 4.g3 g6 5.b3 Bg7 6.Bb2 O-O 7.Bg2 a5 8.O-O Na6
9.a3 b5 10.d3 Qb6 11.Nbd2 Bb7 12.Ne5 Rfd8 13.Ndf3 h6 14.d4 dxc4 15.bxc4 c5
16.d5 b4 17.a4 Nb8 18.e4 Nbd7 19.Bh3 Bc8 20.Nc6 Re8 21.Kh1 e6 22.e5 exd5
23.exf6 Nxf6 24.Bxc8 Qxc6 25.Bh3 dxc4 26.Bg2  1-0

[Event "La Coruna TH op"]
[Site "La Coruna"]
[Date "1995.??.??"]
[Round "7"]
[White "Kurajica, Bojan"]
[Black "Giorgadze, Giorgi"]
[Result "0-1"]
[WhiteElo "2595"]
[BlackElo "2605"]

1.Nf3 d5 2.c4 c6 3.e3 Nf6 4.d4 a6 5.Nc3 b5 6.cxd5 cxd5 7.Bd2 e6 8.a4 b4 9.Na2 Nc6
10.Bd3 Bd6 11.O-O O-O 12.Nc1 Na5 13.Ne5 Ne4 14.Be1 f6 15.Nf3 Bb7 16.Be2 Qe7
17.Nd3 Rfc8 18.Nh4 Nc4 19.a5 Bc6 20.g3 Rab8 21.Ng2 e5 22.f3 Ng5 23.b3 Na3
24.dxe5 fxe5 25.f4 exf4 26.Ndxf4 Rd8 27.Rc1 Bc5 28.h4 Ne4 29.Bg4 Rd6 30.Kh2 Bb5
31.Rxc5 Bxf1 32.Bxb4 Nf2 33.Qf3 Nxg4+ 34.Qxg4 Rxb4 35.Rc8+ Rd8 36.Qe6+ Qxe6
37.Rxd8+ Kf7 38.Nxe6 Kxe6 39.Nf4+ Ke7 40.Rh8 Rxb3 41.Nxd5+ Kf7 42.e4 Nc4
43.Ra8 Nxa5 44.e5 Ke6  0-1

[Event "Las Vegas op 5'"]
[Site "Las Vegas"]
[Date "1995.??.??"]
[Round "1"]
[White "Kerkay, Eugene"]
[Black "Dlugy, Maxim"]
[Result "0-1"]
[WhiteElo "2220"]
[BlackElo "2545"]

1.Nf3 d5 2.c4 dxc4 3.e3 Nf6 4.Bxc4 e6 5.O-O c5 6.b3 Nc6 7.Bb2 Be7 8.d4 cxd4
9.Nxd4 Bd7 10.Nc3 a6 11.Qd2 O-O 12.Rad1 Qc7 13.Nce2 Ne5 14.Rc1 Qb6 15.Ng3 Nxc4
16.Rxc4 Bb5 17.Nxb5 axb5 18.Bxf6 Bxf6 19.Rc2 b4 20.Ne4 Be5 21.Rc4 Qa5 22.Qxb4 Qxa2
23.Qxb7 Rab8 24.Qc6 Rxb3 25.Qc5 Rb1 26.Rcc1 Rxc1 27.Rxc1 Qb2 28.Rf1 h6 29.g3 Rd8
30.Qa5 Rc8 31.Qa6 Qc2 32.Nd6 Rd8 33.Nb7 Rd5 34.Qa8+ Kh7 35.Nd8 Qc7 36.Nb7 Rb5
37.Nd8 Rb8 38.Qe4+ f5 39.Qa4 Rxd8 40.Qa2 Qd6 41.Qa7 Bf6  0-1

[Event "Las Vegas op"]
[Site "Las Vegas"]
[Date "1995.??.??"]
[Round "5"]
[White "Denker, Arnold S"]
[Black "Waitzkin, Joshua"]
[Result "1/2-1/2"]
[WhiteElo "2250"]
[BlackElo "2435"]

1.Nf3 d5 2.c4 dxc4 3.e3 Nf6 4.Bxc4 e6 5.O-O c5 6.d4 a6 7.a4 Nc6 8.Ne5 Nxe5
9.dxe5 Qxd1 10.Rxd1 Nd7 11.f4 b6 12.Ra3 Bb7 13.Rad3 O-O-O 14.Nc3 Be7 15.b3 g6
16.Bb2 Nb8 17.Kf2 Rxd3 18.Rxd3 Rd8 19.Rxd8+ Kxd8 20.g4 Nc6 21.Ke2 Na5 22.g5 Kc7
23.Bc1 Bf8 24.Bd2 Be7  1/2-1/2

[Event "GER-ch U20"]
[Site "Leipzig"]
[Date "1995.??.??"]
[Round "3"]
[White "Wilhelmi, Christian"]
[Black "Hetey, Laszlo"]
[Result "0-1"]
[WhiteElo "2315"]
[BlackElo "2290"]

1.Nf3 d5 2.c4 c6 3.b3 Bg4 4.e3 e6 5.Bb2 Nf6 6.Be2 Nbd7 7.h3 Bh5 8.d3 Rc8
9.Nbd2 Bg6 10.a3 Bd6 11.b4 O-O 12.d4 Ne4 13.O-O Bb8 14.Nxe4 dxe4 15.Nd2 e5
16.Nb3 exd4 17.Qxd4 f6 18.c5 Bf7 19.Na5 Be5 20.Qd2 Qc7 21.Nc4 Bxc4 22.Bxc4+ Kh8
23.Rfd1 Rcd8 24.Bd4 b6 25.cxb6 axb6 26.Qc2 f5 27.Be6 Bxd4 28.Rxd4 Ne5 29.Rad1 Rde8
30.Bc4 Rf6 31.Be2 c5 32.bxc5 bxc5 33.Rd5 c4 34.Qc3 h6 35.Bh5 Re7 36.R1d4 Rb6
37.Be2 Rb3 38.Qa5 c3 39.Rd8+ Kh7 40.Qd5 Rb1+ 41.Bd1 Rf7 42.Qa8 c2 43.Rh8+ Kg6
44.Qa6+ Rf6 45.Qe2 Rxd1+ 46.Rxd1 cxd1=Q+  0-1

[Event "Linares zt"]
[Site "Linares"]
[Date "1995.??.??"]
[Round "2"]
[White "Miles, Anthony J"]
[Black "San Segundo, Pablo"]
[Result "1-0"]
[WhiteElo "2600"]
[BlackElo "2520"]

1.Nf3 d5 2.c4 e6 3.g3 g6 4.Bg2 Bg7 5.d3 Ne7 6.Nbd2 O-O 7.Rb1 a5 8.O-O c5
9.cxd5 exd5 10.d4 Bf5 11.Ra1 c4 12.Nb1 Bxb1 13.Rxb1 b5 14.b3 c3 15.b4 axb4
16.Rxb4 Qa5 17.Qb3 Qxa2 18.Qxc3 Nbc6 19.Rb2 Qc4 20.Qxc4 bxc4 21.e3 Rfb8 22.Rxb8+ Rxb8
23.Ba3 h6 24.Rc1 f5 25.Nd2 Kf7 26.Nb1 Rb3 27.Bc5 Ke6 28.Nc3 Bf6 29.Kf1 g5
30.Bf3 Rb2 31.Ra1 Rb3 32.Bxe7 Nxe7 33.Ra6+ Kd7 34.Nxd5 Rb1+ 35.Kg2 Nxd5 36.Bxd5 c3
37.Be6+ Kc7 38.Bxf5 Rb6 39.Rxb6 Kxb6 40.Kf3 Kb5 41.Bc2 h5 42.Ke4 Kc4 43.Kf5 Bd8
44.Ke6 Bc7 45.Kd7  1-0

[Event "Lisboa Mestres-B"]
[Site "Lisboa"]
[Date "1995.??.??"]
[Round "8"]
[White "Rodrigues, L."]
[Black "Santos, Marco"]
[Result "1-0"]
[WhiteElo "2075"]
[BlackElo "2185"]

1.Nf3 d5 2.c4 c6 3.d4 Nf6 4.e3 e6 5.Bd3 dxc4 6.Bxc4 b5 7.Bd3 Nbd7 8.O-O Bb7
9.Qe2 Bd6 10.e4 e5 11.dxe5 Nxe5 12.Nxe5 Bxe5 13.Bxb5 Qc7 14.Bc4 Bxh2+ 15.Kh1 Be5
16.a4 O-O 17.Ra3 c5 18.f4 Bd4 19.e5 Ne4 20.Rh3 Qd7 21.Kh2 Rad8 22.Nc3 Bxc3
23.bxc3 Nd2 24.Bxd2 Qxd2 25.Qg4 Kh8 26.e6 fxe6 27.Rxh7+  1-0

[Event "Litomysl op"]
[Site "Litomysl"]
[Date "1995.??.??"]
[Round "2"]
[White "Pejko, Otomar"]
[Black "Vavra, Pavel"]
[Result "0-1"]
[WhiteElo "2210"]
[BlackElo "2355"]

1.Nf3 d5 2.c4 c6 3.g3 Bg4 4.Bg2 Nd7 5.cxd5 cxd5 6.Nc3 e6 7.O-O Bd6 8.b3 Ne7
9.Bb2 O-O 10.d3 Nc6 11.a3 a6 12.b4 f5 13.b5 axb5 14.Nxb5 Bb8 15.Nfd4 Qe8
16.f4 Nf6 17.Qc2 Nxd4 18.Nxd4 Ba7 19.e3 Qh5 20.Rfe1 Rae8 21.Rac1 Bh3 22.Qe2 Ng4
23.Rc7 Rf7 24.Rxf7 Kxf7 25.Bxh3 Qxh3 26.Qg2 Qxg2+ 27.Kxg2 Rc8 28.Re2 Bc5
29.h3 Nf6 30.Kf3 h5 31.Nb5 Be7 32.Nd4 Nd7 33.Rc2 Rxc2 34.Nxc2 Nc5 35.Nb4 g5
36.Be5 g4+ 37.hxg4 hxg4+ 38.Ke2 Nb3 39.Bb2 Bc5 40.Nc2  0-1